书目信息 |
| 题名: |
少年审判理念与方法
|
|
| 作者: | 王秋良 主编 | |
| 分册: | ||
| 出版信息: | 北京 法律出版社 2014 |
|
| 页数: | 269页 | |
| 开本: | 23cm | |
| 丛书名: | ||
| 单 册: | ||
| 中图分类: | D922.7 | |
| 科图分类: | ||
| 主题词: | 青少年犯罪--Qing Shao Nian Fan Zui--审判--研究--中国 | |
| 电子资源: | ||
| ISBN: | 978-7-5118-7087-2 | |
| 000 | 01040nam0 22002531 450 | |
| 001 | 0101082509 | |
| 005 | 20161201102431.57 | |
| 010 | @a978-7-5118-7087-2@dCNY45.00 | |
| 100 | @a20141126d2014 em y0chiy50 ea | |
| 101 | 0 | @achi |
| 102 | @aCN@b110000 | |
| 105 | @ay z 000yy | |
| 106 | @ar | |
| 200 | 1 | @a少年审判理念与方法@AShao Nian Shen Pan Li Nian Yu Fang Fa@dConcept and method of juvenile justice@f王秋良主编@zeng |
| 210 | @a北京@c法律出版社@d2014 | |
| 215 | @a269页@d23cm | |
| 300 | @a上海少年法庭 | |
| 330 | @a本书分十六个章节,对未成年人民事和刑事审判实务问题进行深入探讨,归纳总结多项制度机制,包括“校园人身损害赔偿纠纷案件审判实务探讨”、“抚养费纠纷案件审判实务探讨”、“未成年人刑事和解制度探讨”、“未成年人毒品犯罪实证问题探讨”等内容。 | |
| 510 | 1 | @aConcept and method of juvenile justice@zeng |
| 606 | 0 | @a青少年犯罪@AQing Shao Nian Fan Zui@x审判@x研究@y中国 |
| 690 | @aD922.7@v5 | |
| 701 | 0 | @a王秋良@AWang Qiu Liang@f(1958~)@4主编 |
| 801 | 0 | @aCN@bTANGWEI@c20161128 |
| 905 | @b0951977-81@dD922.7@e1496@f5 | |
| 少年审判理念与方法=Concept and method of juvenile justice/王秋良主编.-北京:法律出版社,2014 |
| 269页;23cm |
| 上海少年法庭 |
| ISBN 978-7-5118-7087-2:CNY45.00 |
| 本书分十六个章节,对未成年人民事和刑事审判实务问题进行深入探讨,归纳总结多项制度机制,包括“校园人身损害赔偿纠纷案件审判实务探讨”、“抚养费纠纷案件审判实务探讨”、“未成年人刑事和解制度探讨”、“未成年人毒品犯罪实证问题探讨”等内容。 |
| ● |
| 相关链接 |
|
|
|
|
正题名:少年审判理念与方法
索取号:D922.7/1496
 
预约/预借
| 序号 | 登录号 | 条形码 | 馆藏地/架位号 | 状态 | 备注 |
| 1 | 0951977 | 209519779 | 第一样本阅览室/ [索取号:D922.7/1496] | 在馆 | |
| 2 | 0951978 | 209519788 | 史法系资料室/ [索取号:D922.7/1496] | 在馆 | |
| 3 | 0951979 | 209519797 | 第一借阅区/ [索取号:D922.7/1496] | 在馆 | |
| 4 | 0951980 | 209519804 | 第一借阅区/ [索取号:D922.7/1496] | 在馆 | |
| 5 | 0951981 | 209519813 | 第一借阅区/ [索取号:D922.7/1496] | 在馆 |